000
00295cam a2200109ua 4500
082
_a
894.812 803 55
_b
POT/HI
100
_a
Pottekkat, S K .
_9
1693
245
_a
Himalaya Samarajyathil /
260
_a
Kottayam :
_b
Sahitya Pravarthaka Co-operative Society ,
_c
1970.
300
_a
198 ; .
942
_c
BK
999
_c
525
_d
525